Špecifiká manažovania cestovného ruchu v destinácii a jeho vybrané aktuálne problémy

Manažovanie cestovného ruchu v destinácii je problematický proces. Predpokladom pre koordináciu rozvojových aktivít je podpora spolupráce medzi subjektami cestovného ruchu v destinácii a realizácia kooperačného manažmentu. Rozvoj spolupráce je podporovaný aj v programových dokumentoch SR a Európskej...

Ausführliche Beschreibung

Gespeichert in:
Bibliographische Detailangaben
1. Verfasser: Michálková, Anna, 1968-
Format: Buchkapitel
Sprache:Slowakisch
Schlagworte:
Tags: Tag hinzufügen
Keine Tags, Fügen Sie das erste Tag hinzu!

MARC

LEADER 00000naa$a2200000$$$4500
001 0053334
005 20240711093022.8
041 0 |a slo 
044 |a CZ 
245 1 0 |a Špecifiká manažovania cestovného ruchu v destinácii a jeho vybrané aktuálne problémy  |c Anna Michálková 
520 |a Manažovanie cestovného ruchu v destinácii je problematický proces. Predpokladom pre koordináciu rozvojových aktivít je podpora spolupráce medzi subjektami cestovného ruchu v destinácii a realizácia kooperačného manažmentu. Rozvoj spolupráce je podporovaný aj v programových dokumentoch SR a Európskej únie v súlade so zásadami a princípmi regionálnej politiky. Nové rozpočtové obdobie umožňuje cestovnému ruchu podporiť najmä komplexné rozvojové projekty, ktorých základom sú rôzne formy kooperácie v regióne. 
610 2 0 |a manažment 
610 2 0 |a ruch cestovný 
610 2 0 |a regióny 
610 2 0 |a politika regionálna 
610 2 0 |a kooperácia 
610 2 0 |a dokumenty 
610 2 0 |a projekty 
100 1 |a Michálková, Anna, 1968-